[Event "Liptovsky Mikulas CupT U20"]
[Site "Liptovsky Mikulas"]
[Date "2017.06.25"]
[Round "8.3"]
[White "Brnusak, Tomas"]
[Black "Niczyporuk, Jakub"]
[Result "1-0"]
[WhiteElo "1796"]
[BlackElo "1396"]
[PlyCount "53"]
[EventDate "2017.06.21"]
[EventType "team-swiss"]
[EventRounds "8"]
[EventCountry "SVK"]
[SourceTitle "CBM 179 Extra"]
[Source "ChessBase"]
[SourceDate "2017.08.23"]
[SourceVersion "1"]
[SourceVersionDate "2017.08.23"]
[SourceQuality "1"]
[WhiteTeam "Liptov Chess School"]
[BlackTeam "V4 International"]
[WhiteTeamCountry "SVK"]

1. d4 d5 2. c4 c6 3. cxd5 cxd5 4. Nc3 Nc6 5. Nf3 Nf6 6. Bf4 Bf5 7. e3 a6 8. Ne5 e6 9. Qb3 Bb4 10. Nxc6 Bxc3+ 11. Qxc3 bxc6 12. Qxc6+ Nd7 13. Bc7 Qc8 14. Rc1 0-0 15. Be2 Nf6 16. 0-0 Qe8 17. Bxa6 Qxc6 18. Rxc6 Nd7 19. b4 Nb8 20. Bxb8 Rfxb8 21. b5 Bd3 22. Rfc1 Kf8 23. R1c5 Bc4 24. a4 Bb3 25. a5 Bc4 26. Rb6 Rxb6 27. axb6 1-0

[Event "Liptovsky Mikulas CupT U20"]
[Site "Liptovsky Mikulas"]
[Date "2017.06.24"]
[Round "6.3"]
[White "Niczyporuk, Jakub"]
[Black "Kopcova, Ludmila"]
[Result "1/2-1/2"]
[WhiteElo "1396"]
[BlackElo "1980"]
[PlyCount "42"]
[EventDate "2017.06.21"]
[EventType "team-swiss"]
[EventRounds "8"]
[EventCountry "SVK"]
[SourceTitle "CBM 179 Extra"]
[Source "ChessBase"]
[SourceDate "2017.08.23"]
[SourceVersion "1"]
[SourceVersionDate "2017.08.23"]
[SourceQuality "1"]
[WhiteTeam "V4 International"]
[BlackTeam "Opavsko"]
[BlackTeamCountry "CZE"]

1. c4 e5 2. Nc3 Bb4 3. d3 Bxc3+ 4. bxc3 Nf6 5. e4 d6 6. Ne2 0-0 7. Ng3 Re8 8. Be2 c6 9. 0-0 d5 10. cxd5 cxd5 11. Bg5 dxe4 12. Nxe4 Nbd7 13. Qb3 Re6 14. f4 Qc7 15. fxe5 Qxe5 16. Bxf6 Nxf6 17. Nxf6+ Rxf6 18. Rxf6 Qxf6 19. Rf1 Qe6 20. d4 Qxb3 21. axb3 a5 1/2-1/2

[Event "Liptovsky Mikulas CupT U20"]
[Site "Liptovsky Mikulas"]
[Date "2017.06.22"]
[Round "2.3"]
[White "Niczyporuk, Jakub"]
[Black "Schmidt, Richard"]
[Result "1/2-1/2"]
[WhiteElo "1396"]
[BlackElo "1363"]
[PlyCount "84"]
[EventDate "2017.06.21"]
[EventType "team-swiss"]
[EventRounds "8"]
[EventCountry "SVK"]
[SourceTitle "CBM 179 Extra"]
[Source "ChessBase"]
[SourceDate "2017.08.23"]
[SourceVersion "1"]
[SourceVersionDate "2017.08.23"]
[SourceQuality "1"]
[WhiteTeam "V4 International"]
[BlackTeam "Budapest EAC"]
[BlackTeamCountry "HUN"]

1. c4 Nf6 2. Nc3 e5 3. d3 Bb4 4. Bd2 0-0 5. Nf3 Nc6 6. a3 Bxc3 7. Bxc3 e4 8. dxe4 Nxe4 9. Qc2 Nxc3 10. Qxc3 d6 11. e3 Bf5 12. Be2 Bg6 13. 0-0 Qe7 14. Rfe1 Ne5 15. Rac1 Nxf3+ 16. Bxf3 Be4 17. Bxe4 Qxe4 18. Qd4 Rfe8 19. Qxe4 Rxe4 20. f3 Re6 21. e4 f6 22. c5 dxc5 23. Rxc5 c6 24. Rd1 Kf7 25. Rc4 Rae8 26. Rcd4 R6e7 27. Kf2 f5 28. Rd7 fxe4 29. fxe4 Rxd7 30. Rxd7+ Re7 31. Rxe7+ Kxe7 32. Ke3 Ke6 33. Kd4 b6 34. b4 a6 35. g4 g5 36. h3 h6 37. a4 Kd6 38. a5 c5+ 39. bxc5+ bxc5+ 40. Kc4 Ke5 41. Kxc5 Kxe4 42. Kb6 Kd5 1/2-1/2

[Event "Liptovsky Mikulas CupT U20"]
[Site "Liptovsky Mikulas"]
[Date "2016.06.26"]
[Round "8.4"]
[White "Niczyporuk, Jakub"]
[Black "Datelova, Daniela"]
[Result "1-0"]
[WhiteElo "1227"]
[BlackElo "1331"]
[PlyCount "119"]
[EventDate "2016.06.21"]
[EventType "team-swiss"]
[EventRounds "8"]
[EventCountry "SVK"]
[SourceTitle "CBM 173 Extra"]
[Source "ChessBase"]
[SourceDate "2016.08.29"]
[SourceVersion "1"]
[SourceVersionDate "2016.08.29"]
[SourceQuality "1"]
[WhiteTeam "V4 International"]
[BlackTeam "Liptov Chess School (U20) II"]
[WhiteTeamCountry "POL"]
[BlackTeamCountry "SVK"]

1. c4 c5 2. Nc3 Nc6 3. Nf3 e5 4. e3 d6 5. h3 e4 6. Nxe4 Bf5 7. Ng3 Be6 8. d4 cxd4 9. exd4 d5 10. c5 Nf6 11. Bb5 a6 12. Ba4 b5 13. cxb6 Qxb6 14. Ne5 Bd7 15. Nxd7 Nxd7 16. Bxc6 Qxc6 17. Qe2+ Be7 18. Nf5 Qf6 19. Qxe7+ Qxe7+ 20. Nxe7 Kxe7 21. Be3 Rhe8 22. Kd2 Kd6 23. Rhe1 Kc6 24. Rac1+ Kb6 25. Rc3 Nf6 26. Rb3+ Ka7 27. f3 Rac8 28. Rc3 Rxc3 29. bxc3 Rb8 30. Kc2 a5 31. Bg5 Kb6 32. Bxf6 gxf6 33. Re7 Rf8 34. Rd7 Kc6 35. Ra7 Kb6 36. Re7 a4 37. Rd7 Kc6 38. Ra7 Kb5 39. Rb7+ Kc6 40. Rb4 Ra8 41. Kd3 Ra5 42. Rb8 Kd6 43. Rh8 Ke7 44. a3 f5 45. Kc2 Ra6 46. Rxh7 Rg6 47. g4 fxg4 48. hxg4 Rf6 49. Rh3 Rf4 50. Kd2 Ke6 51. Rh6+ Ke7 52. Ke3 Rf6 53. Rxf6 Kxf6 54. Kf4 Ke6 55. Kg5 f6+ 56. Kg6 Ke7 57. f4 Ke6 58. f5+ Ke7 59. Kg7 Kd6 60. Kxf6 1-0

[Event "Liptovsky Mikulas CupT U20"]
[Site "Liptovsky Mikulas"]
[Date "2016.06.24"]
[Round "6.4"]
[White "Hlavinova, Martina"]
[Black "Niczyporuk, Jakub"]
[Result "1/2-1/2"]
[WhiteElo "1318"]
[BlackElo "1227"]
[PlyCount "28"]
[EventDate "2016.06.21"]
[EventType "team-swiss"]
[EventRounds "8"]
[EventCountry "SVK"]
[SourceTitle "CBM 173 Extra"]
[Source "ChessBase"]
[SourceDate "2016.08.29"]
[SourceVersion "1"]
[SourceVersionDate "2016.08.29"]
[SourceQuality "1"]
[WhiteTeam "Nitra Junior (U20)"]
[BlackTeam "V4 International"]
[WhiteTeamCountry "SVK"]
[BlackTeamCountry "POL"]

1. e4 c5 2. Nf3 Nc6 3. d4 cxd4 4. Nxd4 Qb6 5. Nb3 e6 6. Be2 Nf6 7. Nc3 Bb4 8. Bd3 Ne5 9. Bd2 Neg4 10. 0-0 Qc7 11. g3 Qe5 12. Qf3 g5 13. a3 Be7 14. Ne2 h5 1/2-1/2